logo

Bir Sreshtho Munshi Abdur Rouf Library
Jhenaidah Cadet College

Ripley's Believe It or Not! / (Record no. 13519)

MARC details
000 -LEADER
fixed length control field 00579nam a22002177a 4500
001 - CONTROL NUMBER
JCCL Control Number 13519
003 - CONTROL NUMBER IDENTIFIER
JCCL marc code BD-JhCC
005 - DATE AND TIME OF LATEST TRANSACTION
control field 20240113133341.0
008 - FIXED-LENGTH DATA ELEMENTS--GENERAL INFORMATION
fixed length control field 240113b2022 cc a|||| ||a| 001 0 eng d
020 ## - INTERNATIONAL STANDARD BOOK NUMBER
International Standard Book Number 1609915049
035 ## - SYSTEM CONTROL NUMBER
system control number (BD-JhCC)13519
040 ## - CATALOGING SOURCE
Original cataloging agency BD-JhCC
Modifying agency BD-JhCC
041 ## - LANGUAGE CODE
Language code of Book eng
082 ## - DEWEY DECIMAL CLASSIFICATION NUMBER
Classification number 031.02
Author mark and Year RIP 2022
245 ## - TITLE STATEMENT
Title Ripley's Believe It or Not! /
Statement of responsibility, etc Ripley's Believe It or Not! .
260 ## - PUBLICATION, DISTRIBUTION, ETC. (IMPRINT)
Place of publication, distribution, etc China:
Name of publisher, distributor, etc Ripley;
Date of publication, distribution, etc 2022
300 ## - PHYSICAL DESCRIPTION
Pagination 253 p. :
Other physical details ill;
Dimensions 30cm
651 ## - SUBJECT ADDED ENTRY--GEOGRAPHIC NAME
Geographic name Curiosities and wonders
700 ## - ADDED ENTRY--PERSONAL NAME
Personal name Believe It Or Not!, Ripleys
942 ## - ADDED ENTRY ELEMENTS (KOHA)
Source of classification or shelving scheme Dewey Decimal Classification
Koha item type Books
Holdings
Source of classification or shelving scheme Damaged status Not for loan Home library Current library Shelving location Date of accession Cost, normal purchase price Total Checkouts Full call number Barcode Date last seen Copy number Method of acquisition Koha item type Currency
Dewey Decimal Classification     JCC Rouf Library JCC Rouf Library General Stacks 01/13/2024 3442.00   031.02 RIP 2022 18630 01/13/2024 C-1 Purchase Books BDT

JCC Library | Contacts | JCC Home

Last Update on 23 September 2017
Copyright @ 2017-2020 JCC Rouf Library
Rouf Library, Jhenidah Cadet College (JCC), Bangladesh